| 000 | 00926nam a2200229 i 4500 | ||
|---|---|---|---|
| 001 | 180084 | ||
| 003 | ES-MaACL | ||
| 005 | 20231228062559.0 | ||
| 007 | t| | ||
| 008 | 120416s1950 sp |||| | spa d | ||
| 080 | _a821.134.2 Góngora y Argote, Luisde 1.08 | ||
| 100 | 1 |
_aAlonso, Dámaso, _d1898-1990 _920195 |
|
| 245 | 1 | 3 |
_aLa lengua poética de Góngora _b: (parte primera, corregida) / _cpor Dámaso Alonso. |
| 260 |
_aMadrid : _bConsejo Superior de Investigaciones Científicas, Patronato Menendez y Pelayo, Instituto Miguel de Cervantes, _c1950. |
||
| 300 |
_a192 p. ; _c25 cm. |
||
| 490 | 1 |
_aAnejos de la "Revista de Filología Española ; _v20 |
|
| 600 | 1 | 4 |
_aGóngora y Argote, Luis de- _xCrítica e interpretación. _958248 |
| 710 | 2 |
_aInstituto "Miguel de Cervantes" _95133 |
|
| 830 | 0 |
_aAnejos de la "Revista de Filología Española ; _v20 _9191161 |
|
| 852 |
_aES-MaACL _jE-15372 |
||
| 999 |
_c180084 _d180084 |
||